| 000 | 003550000a22001450004500 | ||
|---|---|---|---|
| 003 | MACL | ||
| 040 | _aMACL | ||
| 090 |
_c40239 _d40237 |
||
| 100 | _aJayapalan, N | ||
| 245 |
_aHistory of India _bFrom 1773 to Lord Minto Vol 3 |
||
| 260 |
_bAtlantic Publishers and Distributors _c2001 |
||
| 350 | _a495 | ||
| 650 | _aIndian History | ||
| 942 |
_cRBKS _k954/JAY |
||
| 999 |
_c39806 _d39806 |
||